MARC

LEADER 00000nam0a2200000 4500
001 17414
005 20231030190901.0
010 |a 5020106097 
035 |a (RuTPU)RU\TPU\book\17558 
035 |a BOOK00017627 
090 |a 17414 
100 |a 20011209d1993 km y0rusy50 ca 
101 0 |a rus 
102 |a RU 
105 |a y z 000сy 
200 1 |a Человек в зеркале экономической теории  |e Очерк истории западной экономической жизни  |f В. С. Автономов  |g Российская академия наук; Институт мировой экономики и международных отношений 
210 |a Москва  |c Наука  |d 1993 
215 |a 174 с. 
610 1 |a экономика 
610 1 |a экономическая теория 
610 1 |a экономические учения 
610 1 |a экономическая мысль 
610 1 |a история 
686 |a У02(0)  |v LBC/SL-A  |2 rubbk 
700 1 |a Автономов  |b В. С.  |g Владимир Сергеевич 
712 0 2 |a Российская академия наук (РАН)  |b Институт мировой экономики и международных отношений (ИМЭМО)  |c (Москва)  |2 stltpush  |3 (RuTPU)RU\TPU\col\241 
801 0 |a RU  |b 63413507  |c 20011209  |g PSBO 
801 2 |a RU  |b 63413507  |c 20170626  |g PSBO 
900 |a Экономика 
942 |c BK